Zur Rekonstruktion der deverbalen Nominalbildung des Ägyptischen /

محفوظ في:

المؤلف الرئيسي: Schenkel, Wolfgang (مؤلف)

التنسيق: كتاب

اللغة: German

منشور في: Wiesbaden : O. Harrassowitz, 1983.

سلاسل: Gottinger Orientforschungen. 13.
GOF ; 13.

الموضوعات:

الوسوم: إضافة وسم

لا توجد وسوم, كن أول من يضع وسما على هذه التسجيلة!

رقم الطلب: DT57 .G65 v.13

LEADER 01030namaa2200289 4500
001 13081
003 OSt
005 20241120090124.0
008 130303s1983 gw b 001 0 ger d
952 |0 0  |1 0  |2 lcc  |3 V.13  |4 0  |6 DT0057 G65 V.00013  |7 1  |9 15950  |a ARCE  |b ARCE  |d 2021-06-07  |l 0  |o DT57 .G65 v.13  |p 1007057  |r 2021-06-07 00:00:00  |w 2021-06-07  |y BK 
999 |c 12429  |d 12429 
010 |a 84171573 
020 |a 3447023368 
040 |c ARCE Library 
050 4 |a DT57 .G65 v.13 
100 1 |a Schenkel, Wolfgang,  |e author  |9 39384 
245 1 0 |a Zur Rekonstruktion der deverbalen Nominalbildung des Ägyptischen /  |c Wolfgang Schenkel. 
264 1 |a Wiesbaden :  |b O. Harrassowitz,  |c 1983. 
300 |a ix, 259 pages ;  |c 30 cm. 
490 1 |a Gottinger Orientforschungen,   |x 0340-6342 ;   |v 13. 
490 1 |a GOF ;   |v 13. 
504 |a Includes bibliographical references and indexes. 
650 0 |a Egyptian language  |x Nominals. 
830 0 |a Gottinger Orientforschungen.   |x 0340-6342 ;  |v 13. 
830 0 |a GOF ;   |v 13. 
901 |a reviewed 
942 |c BK  |2 lcc